Municipalities of Penghu County - Statistics

General Stats
  • This quiz has been taken 15 times
  • The average score is 5 of 6
Answers on the Map
Answers color-coded by a green-red scale on the quiz's map according to % correct below.
 
Answer Stats
Answer % Correct
Huxi 湖西
100%
Cimei 七美
90%
Magong 馬公
90%
Wang'an 望安
90%
Baisha 白沙
80%
Xiyu 西嶼
70%
No matching quizzes found
Score Distribution
Percent of People with Each Score
Percentile by Number Answered
Your Score History
You have not taken this quiz